| 000 | 00572nam a2200169Ia 4500 | ||
|---|---|---|---|
| 003 | SGT | ||
| 020 | _a9788174767295 | ||
| 082 |
_a658.0681 _bDUT |
||
| 100 | _aDutta,B.N | ||
| 245 | _aEstimating and costing in civil engineering | ||
| 250 | _a27th Rev. . Ed. | ||
| 260 |
_bUBS Publisher Distributers Pvt. Ltd. _aNew Delhi _c2013 |
||
| 300 | _a904p. | ||
| 650 | _aCIVIL ENGINEERING | ||
| 653 | _aPROCEDURE OF ESTIMATING,METHOD OF BUILDING ESTIMATES,ESTIMATE OF BUILDINGS ESTIMATE OF DIFFERENT TYPES OF ROOFS,R.C.C.WORKS AND STRUCTURES,ROAD ESTIMATING | ||
| 942 |
_2ddc _cBK _012 |
||
| 999 |
_c5542 _d5542 |
||